Language Quiz

Random Language or Spanish Quiz

Spanish: The House Quiz Stats

Quiz Updated Feb 16, 2012

Also try: Spanish: Colors
Challenge
Share
Tweet
Embed
Score 0/18 Timer 04:00
0 Plays Today
Room % Correct
HouseLa Casa
98%
Bathroomel baño
83.5%
Kitchenla cocina
73.6%
Officela oficina
65.4%
Gardenel jardín
64.7%
Roomel cuarto
59%
Garageel garaje
54.1%
Bedroomel dormitorio
54.1%
Living roomla sala
54%
Room % Correct
Patioel patio
53.3%
Studyel despacho
35%
Stairwayla escalera
27.1%
Dining roomel comedor
24.4%
Atticel desván
20.8%
Basementel sótano
19.8%
Closetel ropero
18.6%
Hallel pasillo
15.7%
Laundryla lavandería
15.2%

You're not logged in!

Compare scores with friends on all Sporcle quizzes.
Join for Free
OR
Log In

You Might Also Like...

Show Comments

Extras

Top Quizzes Today


Score Distribution

Your Account Isn't Verified!

In order to create a playlist on Sporcle, you need to verify the email address you used during registration. Go to your Sporcle Settings to finish the process.

Report this User

Report this user for behavior that violates our Community Guidelines.

Details: